Malaysia progress, 2008-2009

Bibliographic Details
Corporate Author: MALAYSIA
Format: Book
Published: Kuala Lumpur : Greatmall Print Enterprise , 2008
Subjects:

MARC

LEADER 00000cam a2200000 7i4500
001 0000003783
005 20110621.0
090 0 0 |a 338.9595   |b MAL 2008 
110 1 0 |a MALAYSIA 
245 1 0 |a Malaysia progress, 2008-2009 
260 0 0 |a Kuala Lumpur :   |b Greatmall Print Enterprise ,   |c 2008 
300 |a 265 p. ;   |c 30 cm. 
650 0 0 |a Economic development   |z Malaysia 
651 0 0 |a Malaysia   |x Economic 
998 |a JPSM 
999 |a 007629   |b Monograph   |c Open Shelf   |e Default branch